000 00281nam a2200121Ia 4500
005 20251222153529.0
008 251222s9999||||xx |||||||||||||| ||spa||
020 _a8441319669
082 _a800/B52/T.1
245 0 _aBiblioteca del Viajero ABC
264 _bABC, S.L.
942 _cLIB
999 _c30004
_d30004